000 00704nam a2200205Ii 4500
003 JO-AjNU
008 230605s9999||||xx |||||||||||||| ||und||
040 _aJO-AjNU
_bara
_erda
_cJO-AjNU
041 _aara
050 1 4 _aRD97.F6264 1985
100 3 _aحسن، فؤاد عبدالعزيز,
_eauthor
_948870
245 0 0 _aالاصابات بالملعب والمصنع والمنزل تشخيص -اسعاف -علاج
250 _aط3
264 3 1 _aالقاهرة:دار الفكر العربي ، 1985
300 _a206ص
336 _atext
_btxt
_2rdacontent
337 _aunmediated
_bn
_2rdamedia
338 _avolume
_bnc
_2rdacarrier
650 4 _aالاصابات-وطرق علاجها
_948871
999 _aA21430
_c24998
_d24998